[Event "DRUGA LIGA SRBIJE-GRUPA VOJVODINA-2019."]
[Site "Kovacica"]
[Date "2019.11.03"]
[Round "4.1"]
[White "Hart, Alexander"]
[Black "Bokros, Albert"]
[Result "0-1"]
[WhiteElo "1952"]
[BlackElo "2471"]
[PlyCount "104"]
[EventDate "2019.11.01"]
[WhiteTeam "SK Bora Ivkov Ban. N. Selo"]
[BlackTeam "SK Krajina Krajisnik"]

1. Nf3 d5 2. c4 e6 3. e3 Nf6 4. Nc3 Be7 5. b3 O-O 6. Bb2 b6 7. cxd5 exd5 8. Be2
Bb7 9. d4 Nbd7 10. O-O a6 11. Rc1 Bd6 12. Re1 Qe7 13. a4 Rfe8 14. Bf1 Rac8 15.
g3 g6 16. Bg2 Rb8 17. Ng5 h6 18. Nh3 Ne4 19. Nb1 Ndf6 20. f3 Ng5 21. Nf4 c5 22.
Nd3 Ne6 23. Nd2 Nd7 24. f4 Nf6 25. Ne5 Rbc8 26. Qe2 Rc7 27. Qd3 Ng7 28. Bh3 h5
29. Rc2 Ra8 30. a5 bxa5 31. Bc3 Bc8 32. Bxc8 Rcxc8 33. Bxa5 Qb7 34. Rec1 cxd4
35. exd4 Nf5 36. Rxc8+ Rxc8 37. Rxc8+ Qxc8 38. Qc3 Qb8 39. Qd3 Qa7 40. Bd8 Ng4
41. Nxg4 hxg4 42. Bf6 Qb6 43. h3 Bxf4 44. gxf4 Qxf6 45. hxg4 Nxd4 46. Qe3 Qxf4
47. Qxf4 Ne2+ 48. Kf2 Nxf4 49. Ke3 Ne6 50. b4 Kf8 51. Nb3 Ke7 52. Na5 Kd6 0-1

[Event "DRUGA LIGA SRBIJE-GRUPA VOJVODINA-2019."]
[Site "Kovacica"]
[Date "2019.11.03"]
[Round "4.1"]
[White "Robulj, Nenad"]
[Black "Milanovic, Stanko"]
[Result "1/2-1/2"]
[WhiteElo "2286"]
[BlackElo "2143"]
[PlyCount "38"]
[EventDate "2019.11.01"]
[WhiteTeam "SK Krajina Krajisnik"]
[BlackTeam "SK Bora Ivkov Ban. N. Selo"]

1. e4 c5 2. c3 d5 3. exd5 Qxd5 4. d4 e6 5. Nf3 Nf6 6. Na3 a6 7. Nc4 Nbd7 8. Be2
cxd4 9. Qxd4 Qxd4 10. Nxd4 Nd5 11. Bf3 Be7 12. O-O O-O 13. Nf5 Bf6 14. Nfd6 b5
15. Ne3 N7b6 16. Nxd5 Nxd5 17. Bxd5 exd5 18. Nxc8 Raxc8 19. Be3 b4 1/2-1/2

[Event "DRUGA LIGA SRBIJE-GRUPA VOJVODINA-2019."]
[Site "Kovacica"]
[Date "2019.11.03"]
[Round "4.1"]
[White "Rajin, Milan"]
[Black "Levnajic, Pavle"]
[Result "0-1"]
[WhiteElo "1920"]
[BlackElo "2217"]
[PlyCount "90"]
[EventDate "2019.11.01"]
[WhiteTeam "SK Bora Ivkov Ban. N. Selo"]
[BlackTeam "SK Krajina Krajisnik"]

1. f4 Nf6 2. Nf3 g6 3. e3 Bg7 4. Be2 O-O 5. O-O c5 6. b3 Ne4 7. c3 Nc6 8. Qc2
d5 9. Bb2 Bf5 10. d3 Nd6 11. Nh4 e5 12. Nxf5 Nxf5 13. Rf3 exf4 14. exf4 d4 15.
c4 Re8 16. Bc1 Qd7 17. Bf1 Ne3 18. Qd2 Re7 19. Na3 Nb4 20. Qf2 Rae8 21. Bd2 Nc6
22. Rc1 h5 23. h3 Bf6 24. Re1 h4 25. Kh2 Nf5 26. Rxe7 Qxe7 27. Nc2 a5 28. a3
Qd6 29. a4 Ng3 30. Na3 b6 31. Nb5 Qb8 32. Rxg3 hxg3+ 33. Qxg3 Ne7 34. Qf3 Nf5
35. g4 Ne3 36. Be2 g5 37. Kg3 gxf4+ 38. Kf2 Bh4+ 39. Kg1 Re6 40. Bf1 Rg6 41.
Be2 Kg7 42. Bxe3 fxe3 43. Bf1 Rf6 44. Qg2 Rf2 45. Qd5 Qh2# 0-1

[Event "DRUGA LIGA SRBIJE-GRUPA VOJVODINA-2019."]
[Site "Kovacica"]
[Date "2019.11.03"]
[Round "4.1"]
[White "Strbac, Mladen"]
[Black "Zivkovic, Milan B"]
[Result "1-0"]
[WhiteElo "2292"]
[BlackElo "2046"]
[PlyCount "45"]
[EventDate "2019.11.01"]
[WhiteTeam "SK Krajina Krajisnik"]
[BlackTeam "SK Bora Ivkov Ban. N. Selo"]

1. e4 d6 2. d4 g6 3. Nc3 Bg7 4. f4 Nf6 5. Bd3 O-O 6. Nf3 c6 7. O-O Nbd7 8. e5
Nd5 9. Ne4 dxe5 10. fxe5 f5 11. Neg5 N7b6 12. h4 Nc7 13. c3 e6 14. h5 h6 15.
hxg6 Nbd5 16. Nf7 Rxf7 17. gxf7+ Kxf7 18. Kf2 Ne7 19. Rh1 Ng8 20. Nh4 Ne8 21.
Qh5+ Ke7 22. Bc4 Qb6 23. Nxf5+ 1-0

[Event "DRUGA LIGA SRBIJE-GRUPA VOJVODINA-2019."]
[Site "Kovacica"]
[Date "2019.11.03"]
[Round "4.1"]
[White "Vasic, Zoran"]
[Black "Perisic, Radivoj"]
[Result "0-1"]
[WhiteElo "1968"]
[BlackElo "2223"]
[PlyCount "60"]
[EventDate "2019.11.01"]
[WhiteTeam "SK Bora Ivkov Ban. N. Selo"]
[BlackTeam "SK Krajina Krajisnik"]

1. e4 c5 2. c3 d5 3. exd5 Qxd5 4. d4 e6 5. Nf3 Nf6 6. Na3 cxd4 7. Nb5 Na6 8.
cxd4 Bb4+ 9. Bd2 Bxd2+ 10. Qxd2 O-O 11. Nc3 Qa5 12. Be2 Nc7 13. O-O Rd8 14.
Rfd1 Bd7 15. Ne5 Be8 16. a3 Ncd5 17. b4 Qb6 18. Nc4 Qc7 19. Rac1 Nxc3 20. Qxc3
Ba4 21. Rd3 Nd5 22. Qb2 Rac8 23. Bd1 Nf4 24. Rdc3 Bxd1 25. Nd6 Qxc3 26. Rxc3
Rxc3 27. g3 Ne2+ 28. Kg2 Rxd6 29. b5 Rxd4 30. b6 a6 0-1

[Event "DRUGA LIGA SRBIJE-GRUPA VOJVODINA-2019."]
[Site "Kovacica"]
[Date "2019.11.03"]
[Round "4.1"]
[White "Brajic, Djordje"]
[Black "Njamcul, Dragan"]
[Result "1-0"]
[WhiteElo "2206"]
[BlackElo "2320"]
[PlyCount "51"]
[EventDate "2019.11.01"]
[WhiteTeam "SK Krajina Krajisnik"]
[BlackTeam "SK Bora Ivkov Ban. N. Selo"]

1. e4 e5 2. Nf3 Nc6 3. Bb5 Bc5 4. c3 f5 5. d4 fxe4 6. dxc5 exf3 7. Qxf3 Nf6 8.
O-O O-O 9. Nd2 Qe7 10. Nb3 e4 11. Qg3 d5 12. Be2 Be6 13. Bg5 Qd7 14. Rad1 Bg4
15. Bxf6 Bxe2 16. Rxd5 Qf7 17. Bxg7 Qxd5 18. Bh6+ Kf7 19. Qxc7+ Ke6 20. Bxf8
Bxf1 21. Nd4+ Nxd4 22. Qe7+ Kf5 23. Qxh7+ Kg5 24. Be7+ Kf4 25. Qh6+ Kf5 26.
Qf6+ 1-0

[Event "DRUGA LIGA SRBIJE-GRUPA VOJVODINA-2019."]
[Site "Kovacica"]
[Date "2019.11.03"]
[Round "4.2"]
[White "Pastar, Slaven"]
[Black "Dedebas, Emre Emin"]
[Result "1/2-1/2"]
[WhiteElo "2280"]
[BlackElo "2345"]
[PlyCount "20"]
[EventDate "2019.11.01"]
[WhiteTeam "SK Bata Cosic Opovo"]
[BlackTeam "SK Vojvodina Novi Sad"]

1. d4 Nf6 2. Nf3 e6 3. g3 d5 4. Bg2 Be7 5. O-O O-O 6. Nbd2 b6 7. c4 c6 8. b3
Nbd7 9. Bb2 Bb7 10. Rc1 Rc8 1/2-1/2

[Event "DRUGA LIGA SRBIJE-GRUPA VOJVODINA-2019."]
[Site "Kovacica"]
[Date "2019.11.03"]
[Round "4.2"]
[White "Jovanovski, Slobodan"]
[Black "Dragojlovic, Andjelko"]
[Result "1/2-1/2"]
[WhiteElo "2298"]
[BlackElo "2277"]
[PlyCount "101"]
[EventDate "2019.11.01"]
[WhiteTeam "SK Bata Cosic Opovo"]
[BlackTeam "SK Vojvodina Novi Sad"]

1. d4 Nf6 2. Nf3 g6 3. c4 Bg7 4. Nc3 d5 5. Bg5 Ne4 6. cxd5 Nxg5 7. Nxg5 e6 8.
Nf3 exd5 9. e3 O-O 10. Be2 c6 11. O-O Be6 12. Rc1 a5 13. Na4 Nd7 14. Qd2 Re8
15. Ne1 f5 16. Nd3 Bf7 17. Nac5 Nxc5 18. Rxc5 Qe7 19. Bf3 Qd8 20. g3 Bf8 21.
Rc2 Bd6 22. Bg2 Qe7 23. a3 g5 24. Re1 Qf6 25. f4 gxf4 26. gxf4 Kh8 27. Qf2 Rg8
28. Kh1 Bh5 29. Rg1 Rg7 30. Rcc1 Rag8 31. Ne5 Bg4 32. Bf3 Bxe5 33. dxe5 Qh4 34.
Qe2 h5 35. Rcf1 Rg6 36. Bxg4 hxg4 37. Rg3 R8g7 38. Rfg1 Rh6 39. R1g2 Qe7 40.
Qc2 Qe6 41. Qc5 a4 42. Qd4 b5 43. Rc2 Kh7 44. Kg1 Rgg6 45. Qd3 Rh3 46. Rcg2 Rh5
47. Qd4 Qe7 48. Rc2 Rgh6 49. Rcg2 Qd7 50. Rc2 Qf7 51. Rcg2 1/2-1/2

[Event "DRUGA LIGA SRBIJE-GRUPA VOJVODINA-2019."]
[Site "Kovacica"]
[Date "2019.11.03"]
[Round "4.2"]
[White "Djacanin, Goran"]
[Black "Kosanovic, Dragan"]
[Result "1/2-1/2"]
[WhiteElo "2205"]
[BlackElo "2280"]
[PlyCount "95"]
[EventDate "2019.11.01"]
[WhiteTeam "SK Vojvodina Novi Sad"]
[BlackTeam "SK Bata Cosic Opovo"]

1. e4 c5 2. d4 cxd4 3. c3 d3 4. Bxd3 Nc6 5. c4 d6 6. Nc3 Nf6 7. Nge2 g6 8. Bg5
Bg7 9. O-O O-O 10. Qd2 Ne5 11. b3 Nxd3 12. Qxd3 a6 13. Rac1 b5 14. Rfd1 bxc4
15. Qxc4 Be6 16. Nd5 Bxd5 17. exd5 Qa5 18. Nd4 Qxd5 19. Qxd5 Nxd5 20. Nc6 e6
21. Ne7+ Nxe7 22. Bxe7 Rfc8 23. Bxd6 Bb2 24. Rxc8+ Rxc8 25. Bf4 e5 26. Bh6 Bd4
27. g3 f5 28. Rc1 Rxc1+ 29. Bxc1 Kf7 30. Kf1 Ke6 31. f3 Kd5 32. Ke2 e4 33. h3
h5 34. Bd2 Be5 35. Be1 Bd4 36. a4 Kc5 37. fxe4 fxe4 38. g4 Kd5 39. Bh4 Bc3 40.
Bf2 a5 41. Bb6 Bb4 42. Be3 Ke5 43. Kd1 Kd5 44. Ke2 Ke5 45. Kd1 Kd5 46. Ke2 Ke5
47. Kd1 Kd5 48. Ke2 1/2-1/2

[Event "DRUGA LIGA SRBIJE-GRUPA VOJVODINA-2019."]
[Site "Kovacica"]
[Date "2019.11.03"]
[Round "4.2"]
[White "Milojevic, Dusan"]
[Black "Ilincic, Aleksa"]
[Result "1-0"]
[WhiteElo "2244"]
[BlackElo "2168"]
[PlyCount "75"]
[EventDate "2019.11.01"]
[WhiteTeam "SK Bata Cosic Opovo"]
[BlackTeam "SK Vojvodina Novi Sad"]

1. e4 c5 2. Nf3 a6 3. Nc3 e6 4. d4 cxd4 5. Nxd4 b5 6. Bd3 Bb7 7. O-O d6 8. Kh1
Nf6 9. a3 Be7 10. f4 Nbd7 11. Nb3 O-O 12. Qe2 Qc7 13. Bd2 Rfe8 14. Rae1 e5 15.
Qf3 Bf8 16. Qh3 Rab8 17. fxe5 dxe5 18. Bg5 h6 19. Bd2 Qd6 20. Qf3 Qe6 21. h3
Ba8 22. Qg3 Nb6 23. Rf5 g6 24. Rd1 Nbd7 25. Rf3 Bg7 26. Qf2 Rbc8 27. Qh4 Kh7
28. Qf2 Re7 29. Qe1 Nb6 30. Bc1 Nc4 31. Qf2 Rc6 32. Qh4 Rd6 33. Bg5 Ng8 34.
Bxe7 Nxe7 35. Nc5 Qc8 36. Qxe7 Qxc5 37. Bxc4 bxc4 38. Rxf7 1-0

[Event "DRUGA LIGA SRBIJE-GRUPA VOJVODINA-2019."]
[Site "Kovacica"]
[Date "2019.11.03"]
[Round "4.2"]
[White "Stikovic, Dobrica"]
[Black "Basta, Predrag"]
[Result "1-0"]
[WhiteElo "2146"]
[BlackElo "2215"]
[PlyCount "81"]
[EventDate "2019.11.01"]
[WhiteTeam "SK Vojvodina Novi Sad"]
[BlackTeam "SK Bata Cosic Opovo"]

1. c4 Nf6 2. Nc3 g6 3. Nf3 Bg7 4. g3 d6 5. Bg2 O-O 6. O-O c6 7. d3 Nbd7 8. Rb1
a5 9. a3 e5 10. Qc2 Re8 11. b4 Qc7 12. Bb2 Nf8 13. Nd2 Ne6 14. bxa5 Qxa5 15.
Nb3 Qc7 16. e3 Nd7 17. a4 f5 18. Ba3 Ndc5 19. Nxc5 Nxc5 20. Rfd1 f4 21. exf4
exf4 22. Ne4 Nxe4 23. dxe4 Be5 24. c5 dxc5 25. Bxc5 Be6 26. Bf1 Qa5 27. Bc4
Qxa4 28. Bxe6+ Rxe6 29. Rd8+ Kg7 30. Rxb7+ Kh6 31. Bf8+ Kg5 32. h4+ Kg4 33. f3+
Kxf3 34. Qg2+ Ke3 35. Bc5+ Bd4 36. Qf2+ Kxe4 37. Rxd4+ Qxd4 38. Qxd4+ Kf3 39.
Rb3+ Kg4 40. Qxf4+ Kh3 41. g4+ 1-0

[Event "DRUGA LIGA SRBIJE-GRUPA VOJVODINA-2019."]
[Site "Kovacica"]
[Date "2019.11.03"]
[Round "4.5"]
[White "Delchev, Aleksander"]
[Black "Varga, Zoltan"]
[Result "1-0"]
[WhiteElo "2561"]
[BlackElo "2424"]
[PlyCount "75"]
[EventDate "2019.11.01"]
[WhiteTeam "SK Mladost Nova Pazova"]
[BlackTeam "SK Backa Pacir"]

1. d4 d5 2. Nf3 c6 3. c4 dxc4 4. e3 Be6 5. Nc3 b5 6. Be2 Nf6 7. O-O g6 8. Ng5
Bd7 9. a4 h6 10. Nge4 b4 11. Nxf6+ exf6 12. Ne4 Be6 13. Qc2 f5 14. Nd2 Bg7 15.
Bxc4 Bd5 16. a5 O-O 17. Nb3 Bxc4 18. Qxc4 Qd5 19. Qc2 Na6 20. Bd2 c5 21. dxc5
Rfc8 22. Rac1 Nxc5 23. Nxc5 b3 24. Qd1 Rxc5 25. Rxc5 Qxc5 26. Qxb3 Rc8 27. Rd1
Qc7 28. Be1 Rb8 29. Rd7 Rxb3 30. Rxc7 a6 31. Rc8+ Kh7 32. Rc6 Rxb2 33. Kf1 Ra2
34. Rxa6 g5 35. Rc6 g4 36. a6 h5 37. g3 Bf8 38. Bc3 1-0

[Event "DRUGA LIGA SRBIJE-GRUPA VOJVODINA-2019."]
[Site "Kovacica"]
[Date "2019.11.03"]
[Round "4.5"]
[White "Farkas, Tibor"]
[Black "Vlatkovic, Sinisa"]
[Result "1-0"]
[WhiteElo "2274"]
[BlackElo "2290"]
[PlyCount "99"]
[EventDate "2019.11.01"]
[WhiteTeam "SK Backa Pacir"]
[BlackTeam "SK Mladost Nova Pazova"]

1. e4 d6 2. d4 Nf6 3. Nc3 c6 4. f3 e5 5. dxe5 dxe5 6. Qxd8+ Kxd8 7. Bc4 Be6 8.
Bxe6 fxe6 9. Be3 Nbd7 10. O-O-O Kc7 11. Nh3 h6 12. Nf2 Bc5 13. Bxc5 Nxc5 14. b4
Ncd7 15. Nd3 Rhf8 16. Na4 b6 17. Nab2 a5 18. a3 b5 19. Nc5 Nxc5 20. bxc5 Nd7
21. Nd3 Rad8 22. Rd2 Rf6 23. Kd1 Rg8 24. Rf2 g5 25. Ke2 g4 26. g3 gxf3+ 27.
Rxf3 Rxf3 28. Kxf3 Kd8 29. Rc1 Ke7 30. Ke3 h5 31. Rg1 Rg5 32. h3 Nf6 33. Kf3 h4
34. g4 Nh5 35. Re1 Ng3 36. Rd1 Kf6 37. Rd2 Rg7 38. Rf2 Nh1 39. Rf1 Ng3 40. Rf2
Nh1 41. Rd2 Ng3 42. Kg2 Nxe4 43. Re2 Nc3 44. Rf2+ Kg5 45. Nxe5 Ne4 46. Re2 Nxc5
47. Nxc6 Kf4 48. Nd4 e5 49. Nf3 e4 50. Nxh4 1-0

[Event "DRUGA LIGA SRBIJE-GRUPA VOJVODINA-2019."]
[Site "Kovacica"]
[Date "2019.11.03"]
[Round "4.5"]
[White "Grcic, Vukasin"]
[Black "Arbutina, Sinisa"]
[Result "1-0"]
[WhiteElo "2125"]
[BlackElo "2323"]
[PlyCount "63"]
[EventDate "2019.11.01"]
[WhiteTeam "SK Mladost Nova Pazova"]
[BlackTeam "SK Backa Pacir"]

1. e4 e5 2. Nf3 Nc6 3. d4 exd4 4. Nxd4 g6 5. Nxc6 bxc6 6. Qd4 Qf6 7. Qc3 Bg7 8.
h4 Ne7 9. Bg5 Qxc3+ 10. Nxc3 h6 11. Be3 d6 12. O-O-O Be6 13. Bd4 O-O 14. Ne2
Rfe8 15. Nf4 Be5 16. Nxe6 fxe6 17. Bxe5 dxe5 18. Rd7 Kf7 19. Rh3 Red8 20. Rxc7
Rdc8 21. Rf3+ Ke8 22. Rxc8+ Nxc8 23. Rf6 Ke7 24. Rxg6 Nd6 25. f3 Rf8 26. Rxh6
Rg8 27. h5 Nf7 28. Rg6 Rxg6 29. hxg6 Nd6 30. Kd2 Kf6 31. Kc3 c5 32. b4 1-0

[Event "DRUGA LIGA SRBIJE-GRUPA VOJVODINA-2019."]
[Site "Kovacica"]
[Date "2019.11.03"]
[Round "4.5"]
[White "Marjanusic, Vladimir"]
[Black "Stankovic, Milos M"]
[Result "0-1"]
[WhiteElo "2208"]
[BlackElo "1944"]
[PlyCount "106"]
[EventDate "2019.11.01"]
[WhiteTeam "SK Backa Pacir"]
[BlackTeam "SK Mladost Nova Pazova"]

1. d4 d6 2. e4 Nf6 3. Nc3 e5 4. Nf3 Nbd7 5. Bc4 Be7 6. O-O O-O 7. Re1 c6 8. a4
a5 9. Ba2 Qc7 10. h3 Rb8 11. Qe2 h6 12. Be3 b6 13. Rad1 exd4 14. Nxd4 Nc5 15.
Qf3 Be6 16. Nxe6 Nxe6 17. Qe2 Qb7 18. Bc4 Nc7 19. Bf4 Rbd8 20. e5 Nfd5 21. Nxd5
cxd5 22. Bd3 Ne6 23. Bg3 dxe5 24. Bxe5 Bd6 25. Qg4 Bxe5 26. Qf5 f6 27. Qxe6+
Kh8 28. Qf5 g5 29. b3 Qd7 30. Qf3 Qf7 31. Bf5 d4 32. g3 h5 33. Bd3 Rd7 34. Qf5
Qg7 35. Re4 Rg8 36. h4 Re7 37. Rde1 Bd6 38. Rxe7 Bxe7 39. Re6 Bd8 40. Rd6 Re8
41. Rd7 Be7 42. hxg5 fxg5 43. Rb7 h4 44. Qe4 Qf7 45. Bb5 hxg3 46. fxg3 d3 47.
Bxe8 Bc5+ 48. Kh2 Qf2+ 49. Kh3 Qf1+ 50. Kg4 Qe2+ 51. Qf3 Qxf3+ 52. Kxf3 dxc2
53. Rh7+ Kxh7 0-1

[Event "DRUGA LIGA SRBIJE-GRUPA VOJVODINA-2019."]
[Site "Kovacica"]
[Date "2019.11.03"]
[Round "4.5"]
[White "Stamenkovic, Aleksandar"]
[Black "Jesenski, Tibor"]
[Result "1/2-1/2"]
[WhiteElo "2178"]
[BlackElo "2279"]
[PlyCount "27"]
[EventDate "2019.11.01"]
[WhiteTeam "SK Mladost Nova Pazova"]
[BlackTeam "SK Backa Pacir"]

1. d4 Nf6 2. c4 e6 3. Nc3 d5 4. cxd5 exd5 5. Bg5 Be7 6. e3 c6 7. Bd3 Nbd7 8. h3
Nf8 9. Qc2 Ne6 10. Bh4 g6 11. Nge2 Ng7 12. Bg3 Bf5 13. O-O O-O 14. Rfd1 1/2-1/2

[Event "DRUGA LIGA SRBIJE-GRUPA VOJVODINA-2019."]
[Site "Kovacica"]
[Date "2019.11.03"]
[Round "4.5"]
[White "Kecskemeti, Arpad"]
[Black "Gavric, Zivojin"]
[Result "1-0"]
[WhiteElo "2240"]
[BlackElo "2108"]
[PlyCount "51"]
[EventDate "2019.11.01"]
[WhiteTeam "SK Backa Pacir"]
[BlackTeam "SK Mladost Nova Pazova"]

1. e4 c6 2. d4 d5 3. e5 a6 4. Bd3 c5 5. dxc5 Nc6 6. f4 Qa5+ 7. c3 Qxc5 8. Qe2
Nh6 9. Nd2 Bg4 10. Ngf3 e6 11. Nb3 Qb6 12. Be3 Qc7 13. h3 Bf5 14. Bf2 Be7 15.
Bxf5 Nxf5 16. g4 Nh6 17. O-O-O Na5 18. Nxa5 Qxa5 19. Kb1 Rc8 20. f5 Bc5 21. f6
gxf6 22. exf6 Bxf2 23. Qxf2 Qa4 24. Nd4 Kf8 25. Qf4 Ng8 26. Nxe6+ 1-0

[Event "DRUGA LIGA SRBIJE-GRUPA VOJVODINA-2019."]
[Site "Kovacica"]
[Date "2019.11.03"]
[Round "4.3"]
[White "Grujic, Zoran"]
[Black "Bulajic, Ratko"]
[Result "1/2-1/2"]
[WhiteElo "2335"]
[BlackElo "2299"]
[PlyCount "20"]
[EventDate "2019.11.01"]
[WhiteTeam "SK Mladenovo Mladenovo"]
[BlackTeam "Somborski SK Sombor"]

1. e4 c5 2. Nf3 d6 3. d4 cxd4 4. Nxd4 Nf6 5. Nc3 a6 6. Be2 e5 7. Nb3 Be7 8. O-O
O-O 9. Be3 Be6 10. Qd2 Nbd7 1/2-1/2

[Event "DRUGA LIGA SRBIJE-GRUPA VOJVODINA-2019."]
[Site "Kovacica"]
[Date "2019.11.03"]
[Round "4.4"]
[White "Jotic, Vladimir"]
[Black "Kopasz, Robert"]
[Result "0-1"]
[WhiteElo "2288"]
[BlackElo "2351"]
[PlyCount "128"]
[EventDate "2019.11.01"]
[WhiteTeam "SK Polet Rastina"]
[BlackTeam "SK Senta Senta"]

1. c4 Nf6 2. Nc3 e6 3. Nf3 d5 4. e3 Be7 5. b3 O-O 6. Bb2 c5 7. cxd5 Nxd5 8. Rc1
Nxc3 9. Bxc3 b6 10. Qc2 Bb7 11. Be2 Nc6 12. a3 Bf6 13. Qb2 Bxc3 14. Rxc3 e5 15.
d3 Qe7 16. O-O f6 17. Rfc1 Rac8 18. Nd2 Kh8 19. Bf3 Qd7 20. h4 Ne7 21. Bxb7
Qxb7 22. Ne4 Qd7 23. h5 h6 24. b4 cxb4 25. Qxb4 Rxc3 26. Rxc3 Rd8 27. Rc1 Nf5
28. Rd1 Nd6 29. Ng3 Nf5 30. Ne2 Qf7 31. Qg4 Qd7 32. d4 Ne7 33. Qxd7 Rxd7 34.
Rc1 exd4 35. Nxd4 Kg8 36. g4 Kf7 37. Kg2 Rb7 38. a4 a6 39. Rb1 Nd5 40. Rb3 Ke7
41. Nf5+ Kf8 42. f4 b5 43. axb5 axb5 44. Kf3 b4 45. e4 Nc7 46. Ke3 Ne6 47. Nd6
Rb8 48. e5 fxe5 49. fxe5 Nc5 50. Rb1 b3 51. Nc4 Na4 52. Rf1+ Ke7 53. Kd3 Ke6
54. Rb1 Rb4 55. Na5 Nc5+ 56. Kc3 Rxg4 57. Re1 Rg3+ 58. Kd2 Rg5 59. Nc6 Rxh5 60.
Nd4+ Kd5 61. e6 Ne4+ 62. Rxe4 Kxe4 63. Nc6 Rd5+ 64. Kc3 Rc5+ 0-1

[Event "DRUGA LIGA SRBIJE-GRUPA VOJVODINA-2019."]
[Site "Kovacica"]
[Date "2019.11.03"]
[Round "4.4"]
[White "Vranic, Ljubomir"]
[Black "Stocko, Josip"]
[Result "0-1"]
[WhiteElo "2211"]
[BlackElo "2281"]
[PlyCount "82"]
[EventDate "2019.11.01"]
[WhiteTeam "SK Senta Senta"]
[BlackTeam "SK Polet Rastina"]

1. d4 Nf6 2. c4 e6 3. Nf3 Bb4+ 4. Bd2 Qe7 5. g3 Bxd2+ 6. Nbxd2 d6 7. Qa4+ Nbd7
8. Qa3 O-O 9. Bg2 Re8 10. O-O e5 11. e3 h6 12. dxe5 Nxe5 13. Qc3 Ng6 14. Qc2
Rb8 15. Nd4 a6 16. a4 Qe5 17. Rfc1 c5 18. Ne2 Qh5 19. Nc3 Ng4 20. Nf1 N4e5 21.
Nd2 Bg4 22. Nd5 Nf3+ 23. Nxf3 Bxf3 24. Bxf3 Qxf3 25. Qd1 Qf5 26. f3 Ne5 27. Kg2
h5 28. e4 Qh7 29. Ne3 h4 30. b3 Re6 31. Ra2 hxg3 32. h3 Rh6 33. Qh1 Re8 34. Nf5
Rh5 35. Rc3 Ng6 36. Kxg3 Rxf5 37. exf5 Qh4+ 38. Kh2 Re1 39. Qg2 Qf4+ 40. Qg3
Rh1+ 41. Kxh1 Qxg3 0-1

[Event "DRUGA LIGA SRBIJE-GRUPA VOJVODINA-2019."]
[Site "Kovacica"]
[Date "2019.11.03"]
[Round "4.4"]
[White "Sljukic, Miodrag"]
[Black "Nagy, Attila N"]
[Result "1-0"]
[WhiteElo "2188"]
[BlackElo "2233"]
[PlyCount "97"]
[EventDate "2019.11.01"]
[WhiteTeam "SK Polet Rastina"]
[BlackTeam "SK Senta Senta"]

1. d4 Nf6 2. Bf4 g6 3. e3 Bg7 4. Nf3 O-O 5. Be2 d6 6. h3 c5 7. c3 Nc6 8. O-O
Bf5 9. Nbd2 a6 10. a4 cxd4 11. exd4 Rc8 12. Re1 Re8 13. Bf1 h6 14. Nc4 Na5 15.
Ne3 Be4 16. Bh2 Qb6 17. b4 Nc6 18. a5 Bxf3 19. Qxf3 Qc7 20. Nc4 Nd7 21. g4 Na7
22. Re3 Nb5 23. Rae1 e5 24. h4 Qb8 25. d5 Qc7 26. g5 hxg5 27. hxg5 b6 28. Kh1
bxa5 29. Nxa5 Nxc3 30. Bxa6 e4 31. Qh3 Rb8 32. Nc6 Nxd5 33. Nxb8 Nxb8 34. Bb5
Nxe3 35. Bxe8 Nf5 36. Bf4 Qc4 37. Qg2 Na6 38. Rxe4 Qb3 39. Bd7 Nc7 40. Bxf5
gxf5 41. Re7 Qd1+ 42. Kh2 Nd5 43. Re8+ Bf8 44. Bxd6 Ne3 45. Rxf8+ Kg7 46. Be5+
Kxf8 47. Qa8+ Ke7 48. Bf6+ Ke6 49. Qc6+ 1-0

[Event "DRUGA LIGA SRBIJE-GRUPA VOJVODINA-2019."]
[Site "Kovacica"]
[Date "2019.11.03"]
[Round "4.4"]
[White "Lorinc, Sandor"]
[Black "Babic, Damir M"]
[Result "1/2-1/2"]
[WhiteElo "2157"]
[BlackElo "2103"]
[PlyCount "106"]
[EventDate "2019.11.01"]
[WhiteTeam "SK Senta Senta"]
[BlackTeam "SK Polet Rastina"]

1. d4 d5 2. Bf4 Nf6 3. e3 e6 4. Nf3 Be7 5. h3 O-O 6. Bd3 c5 7. c3 Nc6 8. Nbd2
Nd7 9. O-O Re8 10. Qe2 Bf6 11. Rfd1 e5 12. dxe5 Ndxe5 13. Bc2 Qb6 14. Rab1 Ng6
15. Bg3 Be6 16. a3 a5 17. c4 d4 18. Ne4 dxe3 19. Nxf6+ gxf6 20. fxe3 Rad8 21.
Rxd8 Qxd8 22. Rd1 Qb6 23. Ba4 Bc8 24. Rd6 Re6 25. Qd2 Kg7 26. Bb5 Rxd6 27. Qxd6
Qd8 28. Qxc5 Qd1+ 29. Kh2 Be6 30. Nd4 Nce7 31. Qd6 Qf1 32. Nxe6+ fxe6 33. Qxe6
Nf5 34. Qd7+ Nfe7 35. Bd6 Kf7 36. c5 Qc1 37. Qxb7 Qxe3 38. Bc4+ Kg7 39. Qc7 Kh6
40. Bf7 Ne5 41. Bxe5 fxe5 42. Qd6+ Kg7 43. Bd5 Qf4+ 44. g3 Qf2+ 45. Bg2 Nf5 46.
Qxe5+ Kg8 47. c6 Ne3 48. Qe6+ Kg7 49. Qe7+ Kg8 50. Qg5+ Kf8 51. Qd8+ Kg7 52.
Qg5+ Kh8 53. Qe5+ Kg8 1/2-1/2

[Event "DRUGA LIGA SRBIJE-GRUPA VOJVODINA-2019."]
[Site "Kovacica"]
[Date "2019.11.03"]
[Round "4.4"]
[White "Ivancevic, Bozidar"]
[Black "Simonyi, Zoltan"]
[Result "1/2-1/2"]
[WhiteElo "2091"]
[BlackElo "2149"]
[PlyCount "45"]
[EventDate "2019.11.01"]
[WhiteTeam "SK Polet Rastina"]
[BlackTeam "SK Senta Senta"]

1. b3 e5 2. Bb2 Nc6 3. g3 d5 4. Bg2 Nf6 5. Nf3 e4 6. Nd4 Bc5 7. Nxc6 bxc6 8.
O-O O-O 9. d4 Be7 10. e3 Bg4 11. Qc1 Qd7 12. c4 Rfe8 13. Nc3 Bd6 14. cxd5 cxd5
15. Ba3 Bxa3 16. Qxa3 Bf3 17. Qc5 Qf5 18. Rac1 Re6 19. Qxc7 g5 20. h3 Rf8 21.
Rc2 Ne8 22. Qb7 Nf6 23. Qc7 1/2-1/2

[Event "DRUGA LIGA SRBIJE-GRUPA VOJVODINA-2019."]
[Site "Kovacica"]
[Date "2019.11.03"]
[Round "4.6"]
[White "Sahin, Ozgun"]
[Black "Petrusic, Velimir"]
[Result "1/2-1/2"]
[WhiteElo "2258"]
[BlackElo "2110"]
[PlyCount "61"]
[EventDate "2019.11.01"]
[WhiteTeam "SK Kraljica PTT Petrovaradin"]
[BlackTeam "SK Sloga Indjija"]

1. e4 e6 2. d4 d5 3. Nc3 Nf6 4. e5 Ng8 5. f4 Nh6 6. Nf3 c5 7. Ne2 Nc6 8. c3 Nf5
9. a3 Be7 10. g3 cxd4 11. Nexd4 Nfxd4 12. Nxd4 Qb6 13. b4 Nxd4 14. cxd4 Bd7 15.
Be3 Bb5 16. Bg2 O-O 17. Kf2 Bc4 18. Rb1 Rfb8 19. Qg4 Bd3 20. Rb3 Bc4 21. Rbb1
Bd3 22. Rb3 Bc2 23. Rc3 Rc8 24. Rxc8+ Rxc8 25. Rc1 Rc6 26. Qe2 Qc7 27. Qd2 a5
28. Bf1 axb4 29. axb4 Be4 30. b5 Rxc1 31. Qxc1 1/2-1/2

[Event "DRUGA LIGA SRBIJE-GRUPA VOJVODINA-2019."]
[Site "Kovacica"]
[Date "2019.11.03"]
[Round "4.6"]
[White "Mandic, Milenko"]
[Black "Desnica, Vladan"]
[Result "0-1"]
[WhiteElo "1904"]
[BlackElo "2323"]
[PlyCount "88"]
[EventDate "2019.11.01"]
[WhiteTeam "SK Sloga Indjija"]
[BlackTeam "SK Kraljica PTT Petrovaradin"]

1. d4 d5 2. Nf3 Nf6 3. c3 e6 4. Bg5 Be7 5. e3 b6 6. Bd3 Bb7 7. Nbd2 Nbd7 8. O-O
c5 9. a4 a6 10. Re1 O-O 11. Rc1 Bc6 12. b3 Re8 13. Bxf6 Bxf6 14. e4 dxe4 15.
Nxe4 Be7 16. Qe2 Bb7 17. Rcd1 cxd4 18. Nxd4 Qc7 19. Bb1 Rad8 20. Rd3 Bxe4 21.
Qxe4 Nc5 22. Nxe6 fxe6 23. Rxd8 Nxe4 24. Rxe8+ Kf7 25. Rxe7+ Kxe7 26. Bxe4 Qxc3
27. Rb1 h6 28. f3 Qe3+ 29. Kf1 g5 30. g4 Kf6 31. Kg2 Ke5 32. Kg3 Qf4+ 33. Kg2
Qd2+ 34. Kg3 a5 35. Rf1 Kd4 36. Rb1 Ke3 37. Rf1 Qe2 38. Rc1 Qf2+ 39. Kh3 h5 40.
gxh5 Kf4 41. Rd1 g4+ 42. fxg4 Qe3+ 43. Kh4 Qe2 44. Rh1 Qxg4# 0-1